Education and indoctrination (Record no. 4419)
[ view plain ]
| 000 -LEADER | |
|---|---|
| fixed length control field | 00688nam a2200241Ia 4500 |
| 003 - CONTROL NUMBER IDENTIFIER | |
| control field | 0100 |
| 008 - FIXED-LENGTH DATA ELEMENTS--GENERAL INFORMATION | |
| fixed length control field | 130227s9999 xx 000 0 und d |
| 020 ## - INTERNATIONAL STANDARD BOOK NUMBER | |
| International Standard Book Number | 0948335009 |
| 040 ## - CATALOGING SOURCE | |
| Transcribing agency | ARRUPELIB |
| 050 ## - LIBRARY OF CONGRESS CALL NUMBER | |
| Classification number | LC116.G7S436 1985 |
| 100 ## - MAIN ENTRY--PERSONAL NAME | |
| Personal name | Scruton, Roger; Ellis-Jones, Angela |
| 245 ## - TITLE STATEMENT | |
| Title | Education and indoctrination |
| 245 ## - TITLE STATEMENT | |
| Remainder of title | An Attempt at definition and a review of social and political implications |
| 260 ## - PUBLICATION, DISTRIBUTION, ETC. (IMPRINT) | |
| Place of publication, distribution, etc | Harrow, UK |
| 260 ## - PUBLICATION, DISTRIBUTION, ETC. (IMPRINT) | |
| Name of publisher, distributor, etc | Education Research Centre |
| 260 ## - PUBLICATION, DISTRIBUTION, ETC. (IMPRINT) | |
| -- | 1985 |
| 300 ## - PHYSICAL DESCRIPTION | |
| Extent | 64p |
| 300 ## - PHYSICAL DESCRIPTION | |
| Other physical details | 21cm |
| 650 ## - SUBJECT ADDED ENTRY--TOPICAL TERM | |
| Topical term following geographic name as entry element | Catalonia (Spain) - History |
| 650 ## - SUBJECT ADDED ENTRY--TOPICAL TERM | |
| Location of event | Catalonia (Spain) - Description & travel |
| 700 ## - ADDED ENTRY--PERSONAL NAME | |
| Personal name | O'Keefe, Dennis |
| 942 ## - ADDED ENTRY ELEMENTS (KOHA) | |
| Source of classification or shelving scheme | Library of Congress Classification |
| Koha issues (borrowed), all copies | 1 |
| Withdrawn status | Lost status | Source of classification or shelving scheme | Damaged status | Not for loan | Collection code | Home library | Current library | Shelving location | Date acquired | Total Checkouts | Full call number | Barcode | Date last seen | Date last borrowed | Copy number | Price effective from | Koha item type |
|---|---|---|---|---|---|---|---|---|---|---|---|---|---|---|---|---|---|
| Library of Congress Classification | Main Collection | ARRUPE LIBRARY | ARRUPE LIBRARY | 27/02/2013 | 5 | LC116.G7S436 1985 | 46405824 | 18/01/2019 | 17/01/2019 | 1 | 27/02/2013 | Monograph ( Printed materials) |